000 00788nam a2200229Ii 4500
003 JO-AjNU
008 230605s9999||||xx |||||||||||||| ||und||
017 _a2001/7046
020 _a977-18-0191-0
040 _aJO-AjNU
_bara
_erda
_cJO-AjNU
041 _aara
050 1 4 _aPJ6696 .F3 2001
100 3 _aتأليف أبي زكريا يحيى بن زكريا الفراء؛ تحقيق أحمد يوسف نجاتي، محمد علي النجار,
_eauthor
_926953
245 0 0 _a معاني القرآن 
250 _aط3
264 3 1 _aالقاهرة: دار الكتب المصرية، 2001
300 _aج1، 509ص
336 _atext
_btxt
_2rdacontent
337 _aunmediated
_bn
_2rdamedia
338 _avolume
_bnc
_2rdacarrier
650 4 _aقرآن -- تفسير
_926954
999 _aA10278
_c13846
_d13846